00956nam a2200241 a 450000100060000000300080000600500170001400800410003103500190007204000270009104100110011808200220012910000550015124501140020626000390032030000270035950000190038665000240040594200120042999900170044195201300045895201260058855514BD-RjUL20211209080257.0710404s1964 ru ac 001 0 eng  a(BD-RjUL)55637 aDLCcDLCdBD-RjULbeng1 aengrus00a549223bBEC 19641 aBetekhtin, A. G.q(Anatoliì† Georgievich)916536202aA course of mineralogycA. Betekhtin. Translated from the Russian by V. Agol. Translation editor: A Gurevich. aMoscow :bPeace Publishers,c1964. a642 p.bill. ;c23 cm. aIncludes index 0aMineralogy.9165363 2ddccBK c55514d55514 00102ddc40708NFICaRUCLbRUCLcStackd1972-04-21eRegister, RUl0o549 BEC 1964r2016-11-19 00:00:00tC-2w2016-11-19yBK 00102ddc40718NFICaRUCLbRUCLcReadingd1966-01-14eMoscowl0o549 BEC 1964r2017-04-17 00:00:00tC-1w2017-04-17yBK